[Event "Gibraltar U16 op"]
[Site "Caleta"]
[Date "2019.08.18"]
[Round "5"]
[White "Greco, Joseph"]
[Black "Mendis, Vidura"]
[Result "1-0"]
[WhiteElo "1690"]
[BlackElo "1528"]
[PlyCount "89"]
[EventDate "2019.08.16"]
[EventType "swiss"]
[EventRounds "6"]
[EventCountry "GGB"]
[SourceTitle "CBM 195 Extra"]
[Source "ChessBase"]
[SourceDate "2020.05.31"]
[SourceVersion "1"]
[SourceVersionDate "2020.05.31"]
[SourceQuality "1"]

1. e4 e6 2. d4 d5 3. exd5 exd5 4. g3 Nf6 5. Bg2 Bd6 6. Ne2 0-0 7. 0-0 Bf5 8. c4 Be4 9. Bxe4 dxe4 10. Nec3 Qd7 11. Nd2 Re8 12. Re1 Qf5 13. Ndxe4 Nxe4 14. f3 Nf6 15. Rxe8+ Nxe8 16. c5 Bf8 17. g4 Qd7 18. Be3 Nc6 19. Qb3 b6 20. Rd1 Qe7 21. Kf2 Qh4+ 22. Kg1 Na5 23. Qa4 Rd8 24. Ne4 Qe7 25. b4 Nc4 26. Bg5 f6 27. Bc1 Qd7 28. Qa6 Ne5 29. Kf2 Nc6 30. Qc4+ Qd5 31. Qc3 bxc5 32. bxc5 Qxa2+ 33. Rd2 Qa4 34. d5 Ne5 35. g5 fxg5 36. Qxe5 Qc4 37. Qe6+ Kh8 38. Ba3 Rb8 39. Qf5 Nf6 40. d6 cxd6 41. cxd6 Rb3 42. d7 Nxd7 43. Rxd7 Rxa3 44. Qxf8+ Qg8 45. Rd8 1-0

[Event "Gibraltar U16 op"]
[Site "Caleta"]
[Date "2019.08.18"]
[Round "4"]
[White "Mendis, Vidura"]
[Black "Gutierrez Lupion, Daniel"]
[Result "0-1"]
[WhiteElo "1528"]
[BlackElo "1811"]
[PlyCount "90"]
[EventDate "2019.08.16"]
[EventType "swiss"]
[EventRounds "6"]
[EventCountry "GGB"]
[SourceTitle "CBM 195 Extra"]
[Source "ChessBase"]
[SourceDate "2020.05.31"]
[SourceVersion "1"]
[SourceVersionDate "2020.05.31"]
[SourceQuality "1"]

1. e4 c5 2. Nc3 a6 3. f4 b5 4. Nf3 Bb7 5. d3 d6 6. b3 Nf6 7. Be2 e6 8. 0-0 Be7 9. Qe1 0-0 10. Qg3 Nbd7 11. f5 exf5 12. exf5 Kh8 13. Qh3 b4 14. Nd1 Nd5 15. Nf2 Nc3 16. Re1 Bf6 17. Bf4 Nxe2+ 18. Rxe2 Bxf3 19. Qxf3 Bxa1 20. Bxd6 Re8 21. Rxe8+ Qxe8 22. Kf1 Bd4 23. Ne4 Nf6 24. Nd2 Rd8 25. Nc4 Bc3 26. Bg3 Nd5 27. Qf2 Bd4 28. Qf3 Ne3+ 29. Nxe3 Qxe3 30. Qxe3 Bxe3 31. Bh4 Re8 32. Bg3 g6 33. fxg6 fxg6 34. Bh4 Kg7 35. Bg3 Kf6 36. Bh4+ Ke5 37. Bg3+ Kd4 38. Be1 Bf4 39. g3 Bg5 40. h3 Rxe1+ 41. Kxe1 Kc3 42. Kd1 Kb2 43. g4 Kxa2 44. Ke2 Kb2 45. Kd1 Bf4 0-1

[Event "Basingstoke 4NCL Spring Bank 2nd U2050"]
[Site "Basingstoke"]
[Date "2019.05.27"]
[Round "6"]
[White "Mendis, Vidura"]
[Black "Sandhu, Manvith"]
[Result "1/2-1/2"]
[WhiteElo "1497"]
[BlackElo "1567"]
[PlyCount "70"]
[EventDate "2019.05.24"]
[EventType "swiss"]
[EventRounds "7"]
[EventCountry "ENG"]
[SourceTitle "EXT 2020"]
[Source "ChessBase"]
[SourceDate "2019.10.17"]
[SourceVersion "1"]
[SourceVersionDate "2019.10.17"]
[SourceQuality "1"]

1. e4 Nc6 2. d4 d5 3. e5 Bf5 4. Nf3 e6 5. a3 f6 6. Bf4 Qd7 7. exf6 Nxf6 8. Bb5 Bd6 9. Bxd6 Qxd6 10. c3 0-0 11. 0-0 a6 12. Bxc6 bxc6 13. b4 a5 14. Nbd2 Nd7 15. Re1 Bg4 16. h3 Bh5 17. Qe2 Rfe8 18. g4 Bg6 19. Nb3 axb4 20. axb4 Rxa1 21. Nxa1 Be4 22. Nb3 Bxf3 23. Qxf3 e5 24. Qe2 e4 25. Kg2 Qf4 26. Na5 Qf6 27. Nb3 Nf8 28. Kg1 Ng6 29. Qe3 Nh4 30. Nd2 Ra8 31. Qg3 Ra2 32. g5 Qf5 33. Qxh4 Rxd2 34. Qg3 Rd3 35. Re3 Rxe3 1/2-1/2

[Event "Basingstoke 4NCL Spring Bank 2nd U2050"]
[Site "Basingstoke"]
[Date "2019.05.26"]
[Round "5"]
[White "Mendis, Vidura"]
[Black "Cordova Lopez, Diego Anton"]
[Result "0-1"]
[WhiteElo "1497"]
[BlackElo "1478"]
[PlyCount "58"]
[EventDate "2019.05.24"]
[EventType "swiss"]
[EventRounds "7"]
[EventCountry "ENG"]
[SourceTitle "EXT 2020"]
[Source "ChessBase"]
[SourceDate "2019.10.17"]
[SourceVersion "1"]
[SourceVersionDate "2019.10.17"]
[SourceQuality "1"]

1. e4 e5 2. Nf3 Nc6 3. d4 exd4 4. Bc4 Nf6 5. e5 Ng8 6. c3 d5 7. exd6 Bxd6 8. 0-0 Bg4 9. Re1+ Nge7 10. Bxf7+ Kd7 11. h3 Qf8 12. hxg4 Qxf7 13. cxd4 Raf8 14. Nc3 h5 15. d5 hxg4 16. dxc6+ Nxc6 17. Qd5 Qxd5 18. Nxd5 gxf3 19. g3 Bxg3 20. Be3 Bh2+ 21. Kf1 Be5 22. Kg1 Bh2+ 23. Kf1 Bd6 24. Kg1 Rf5 25. Nf4 Bxf4 26. Bxf4 Rxf4 27. Rad1+ Kc8 28. Re3 Rg4+ 29. Kf1 Rh1# 0-1

[Event "Harrogate 4NCL op-B 21st"]
[Site "Harrogate"]
[Date "2019.01.19"]
[Round "3"]
[White "Taylor, Robert P"]
[Black "Mendis, Vidura"]
[Result "0-1"]
[WhiteElo "1703"]
[BlackElo "1468"]
[PlyCount "50"]
[EventDate "2019.01.18"]
[EventType "swiss"]
[EventRounds "5"]
[EventCountry "ENG"]
[SourceTitle "CBM 188 Extra"]
[Source "ChessBase"]
[SourceDate "2019.02.26"]
[SourceVersion "1"]
[SourceVersionDate "2019.02.26"]
[SourceQuality "1"]

1. d4 e6 2. Nf3 f5 3. Bf4 Nf6 4. h3 Be7 5. e3 d6 6. Nbd2 0-0 7. c3 b6 8. Bc4 Nc6 9. Qb3 Na5 10. Qc2 Nxc4 11. Nxc4 Ne4 12. Ncd2 Bb7 13. Nxe4 Bxe4 14. Qe2 Qe8 15. Rg1 Qh5 16. 0-0-0 Bg5 17. g4 Bxf3 18. Qxf3 fxg4 19. hxg4 Qf7 20. Qe4 Bxf4 21. Rh1 Bxe3+ 22. fxe3 Qg6 23. Qc6 Rac8 24. Rdg1 Qd3 25. Re1 Rf2 0-1

[Event "Harrogate 4NCL op-B 21st"]
[Site "Harrogate"]
[Date "2019.01.18"]
[Round "1"]
[White "Dean, Robert A"]
[Black "Mendis, Vidura"]
[Result "1-0"]
[WhiteElo "1811"]
[BlackElo "1468"]
[PlyCount "39"]
[EventDate "2019.01.18"]
[EventType "swiss"]
[EventRounds "5"]
[EventCountry "ENG"]
[SourceTitle "CBM 188 Extra"]
[Source "ChessBase"]
[SourceDate "2019.02.26"]
[SourceVersion "1"]
[SourceVersionDate "2019.02.26"]
[SourceQuality "1"]

1. e4 e6 2. d4 d5 3. Nd2 dxe4 4. Nxe4 Nf6 5. Bd3 Nc6 6. Nf3 Nb4 7. Nxf6+ Qxf6 8. Bg5 Nxd3+ 9. Qxd3 Qg6 10. Qe2 h6 11. Bf4 c6 12. 0-0 Be7 13. Rfe1 Bd7 14. Rad1 Qf5 15. Bg3 h5 16. h3 g5 17. Ne5 0-0-0 18. Nxf7 g4 19. h4 Bxh4 20. Nd6+ 1-0

[Event "BCF-ch Weekend Under 1825 105th"]
[Site "Hull"]
[Date "2018.07.27"]
[Round "1.17"]
[White "Mendis, Vidura"]
[Black "Ramaiya, Arushi"]
[Result "0-1"]
[WhiteElo "1432"]
[BlackElo "1676"]
[PlyCount "160"]
[EventDate "2018.07.27"]
[EventType "swiss"]
[EventRounds "5"]
[EventCountry "ENG"]
[SourceTitle "EXT 2021"]
[Source "ChessBase"]
[SourceDate "2020.10.23"]
[SourceVersion "1"]
[SourceVersionDate "2020.10.23"]
[SourceQuality "1"]

1. e4 e5 2. Nf3 Nc6 3. Bb5 a6 4. Ba4 Nf6 5. Qe2 b5 6. Bb3 Bc5 7. c3 d6 8. h3 Be6 9. Bc2 h6 10. d3 Qe7 11. Be3 Bxe3 12. fxe3 Rd8 13. 0-0 0-0 14. Nbd2 d5 15. exd5 Nxd5 16. a3 f5 17. Bb3 f4 18. exf4 Nxf4 19. Qe4 Bxb3 20. Nxb3 Qd6 21. Rad1 Rf6 22. Kh1 Nxd3 23. Rd2 Rf4 24. Qe3 Qg6 25. Rfd1 Re4 26. Qg1 Rf4 27. Qe3 e4 28. Rxd3 Rxd3 29. Rxd3 exf3 30. gxf3 Rf8 31. Nc5 Re8 32. Qd2 Qf5 33. Re3 Qxh3+ 34. Kg1 Qg3+ 35. Kf1 Rxe3 36. Qxe3 Ne5 37. Ke2 Qg2+ 38. Qf2 Qxf2+ 39. Kxf2 a5 40. b3 Kf7 41. Na6 c6 42. Nb8 g5 43. Kg3 Ke6 44. f4 gxf4+ 45. Kxf4 Kf6 46. Na6 Nd3+ 47. Kg4 Kg6 48. Nb8 Ne5+ 49. Kh4 h5 50. Na6 Nf3+ 51. Kg3 Nd2 52. b4 axb4 53. cxb4 Nc4 54. Nb8 Ne5 55. Na6 Kg5 56. Nc5 h4+ 57. Kh3 Kh5 58. Ne6 Nc4 59. Nd8 Ne5 60. Ne6 Nf7 61. Nf4+ Kg5 62. Ng2 Kf5 63. Nxh4+ Ke4 64. Kg3 Kd5 65. Kf4 Ne5 66. Nf5 Nc4 67. Ne3+ Nxe3 68. Kxe3 Kc4 69. Ke4 Kb3 70. Kd3 Kxa3 71. Kc3 Ka4 72. Kb2 Kxb4 73. Ka2 Kc3 74. Ka1 b4 75. Kb1 b3 76. Ka1 b2+ 77. Kb1 c5 78. Ka2 Kc2 79. Ka3 b1Q 80. Ka4 Qb4# 0-1

[Event "Basingstoke Spring Bank op U1825"]
[Site "Basingstoke"]
[Date "2018.05.27"]
[Round "4.10"]
[White "Mendis, Vidura"]
[Black "Redmond, Michael F"]
[Result "0-1"]
[WhiteElo "1562"]
[BlackElo "1787"]
[PlyCount "60"]
[EventDate "2018.05.25"]
[EventType "swiss"]
[EventRounds "7"]
[EventCountry "ENG"]
[SourceTitle "EXT 2023"]
[Source "ChessBase"]
[SourceDate "2022.10.05"]
[SourceVersion "1"]
[SourceVersionDate "2022.10.05"]
[SourceQuality "1"]

1. e4 g6 2. d4 Bg7 3. Nc3 d6 4. Be3 c6 5. Qd2 b5 6. Nf3 Nd7 7. Bd3 h5 8. h3 Nb6 9. b3 Qc7 10. Rc1 Bb7 11. d5 b4 12. Ne2 cxd5 13. Bb5+ Kf8 14. exd5 Nxd5 15. Bd4 Bh6 16. Qd1 e5 17. Bb2 Bxc1 18. Nxc1 Nc3 19. Bxc3 Qxc3+ 20. Kf1 Qc7 21. Bc4 Nf6 22. Ng5 d5 23. Qf3 Kg7 24. Be2 e4 25. Qe3 Qxc2 26. Kg1 Qc7 27. Bd1 d4 28. Qd2 Qc3 29. Qf4 d3 30. Kh2 Rac8 0-1

[Event "Basingstoke Spring Bank op U1825"]
[Site "Basingstoke"]
[Date "2018.05.26"]
[Round "3.4"]
[White "Hibbitt, Arthur M"]
[Black "Mendis, Vidura"]
[Result "1-0"]
[WhiteElo "1781"]
[BlackElo "1562"]
[PlyCount "39"]
[EventDate "2018.05.25"]
[EventType "swiss"]
[EventRounds "7"]
[EventCountry "ENG"]
[SourceTitle "EXT 2023"]
[Source "ChessBase"]
[SourceDate "2022.10.05"]
[SourceVersion "1"]
[SourceVersionDate "2022.10.05"]
[SourceQuality "1"]

1. f4 e5 2. fxe5 d6 3. exd6 Bxd6 4. Nf3 Nf6 5. Nc3 Bg4 6. e3 0-0 7. Be2 Nh5 8. Ne4 Be7 9. Nf2 f5 10. Ne5 Bh4 11. 0-0 Bxe2 12. Qxe2 Qe8 13. Qc4+ Kh8 14. Qxh4 Qxe5 15. Qxh5 Nd7 16. d4 Qd6 17. Nd3 Rf6 18. Qf3 c6 19. Bd2 Raf8 20. Bb4 1-0

[Event "BCF-ch U14"]
[Site "Llandudno"]
[Date "2017.08.05"]
[Round "7"]
[White "Ramaiya, Arushi"]
[Black "Mendis, Vidura"]
[Result "1-0"]
[WhiteElo "1614"]
[BlackElo "1532"]
[PlyCount "31"]
[EventDate "2017.07.30"]
[EventType "swiss"]
[EventRounds "7"]
[EventCountry "WLS"]
[SourceTitle "CBM 179 Extra"]
[Source "ChessBase"]
[SourceDate "2017.08.23"]
[SourceVersion "1"]
[SourceVersionDate "2017.08.23"]
[SourceQuality "1"]

1. e4 e6 2. d4 d5 3. Nd2 c5 4. exd5 Qxd5 5. Ngf3 Nf6 6. Bc4 Qh5 7. Nb3 cxd4 8. Nbxd4 Be7 9. Be3 0-0 10. Ng5 Ng4 11. Ngxe6 Re8 12. Bb5 fxe6 13. Bxe8 Qxe8 14. Qxg4 e5 15. Nf5 Kh8 16. Qxg7# 1-0